Statistics for Closest cities to Nesher

Click here to take the quiz!

General Stats

  • This quiz has been taken 4 times
  • The average score is 5 of 20

Answer Stats

kmAnswer% Correct
0Haifa
100%
6HaHotrim
50%
0.9Isfiya
50%
0Kiryat Ata
50%
3Tirat Carmel
50%
4Daliyat Al Carmel
25%
3Kfar Bialik
25%
2Kfar Hasidim
25%
3Kiryat Bialik
25%
5Kiryat Motzkin
25%
4Usha
25%
1Yagur
25%
2Beit Oren
0%
4Ibtin
0%
5Kiryat Tiv'on
0%
5Kiryat Yam
0%
4Ramat Yohanan
0%
5Ramat Yohanan
0%
3Rekhasim
0%
6Sha'ar Ha'amakim
0%

Score Distribution

Percentile by Number Answered

Percent of People with Each Score

Your Score History

You have not taken this quiz